[Event "4NCL/Div4/RICB vs. WWKS2"]
[Site "West Bromwich ENG"]
[Date "2006.05.28"]
[Round "10.3"]
[White "Graham, Louis"]
[Black "Emanuel, John"]
[Result "0-1"]
[WhiteElo "1900"]
[BlackElo "2070"]
[PlyCount "56"]
[EventDate "2006.05.28"]
[EventType "team"]
[EventRounds "11"]
[EventCountry "ENG"]
[SourceDate "2006.05.01"]
[WhiteTeam "Richmond B"]
[BlackTeam "Warks Select 2"]

1. d4 e6 2. Nf3 Nf6 3. Bf4 c5 4. e3 d5 5. c3 Nc6 6. Nbd2 Be7 7. Bd3 O-O 8. Ne5
Bd7 9. Qf3 Rc8 10. g4 Ne8 11. Qh3 g6 12. Bh6 Ng7 13. f4 Nxe5 14. dxe5 Re8 15.
Bxg7 Kxg7 16. f5 exf5 17. gxf5 Kg8 18. e6 Bxe6 19. fxe6 Bh4+ 20. Ke2 Rxe6 21.
Nf3 Bf6 22. Rhg1 Qb6 23. Bf5 Qb5+ 24. Kd1 Rxe3 25. Bxc8 Qd3+ 26. Kc1 Re2 27.
Bf5 Rc2+ 28. Kb1 Rxb2+ 0-1

[Event "4NCL/Div4/RICB vs. WWKS2"]
[Site "West Bromwich ENG"]
[Date "2006.05.28"]
[Round "10.4"]
[White "Fallowfield, Jeremy"]
[Black "Kenyon, Scott J M"]
[Result "1-0"]
[WhiteElo "1990"]
[BlackElo "1840"]
[PlyCount "35"]
[EventDate "2006.05.28"]
[EventType "team"]
[EventRounds "11"]
[EventCountry "ENG"]
[SourceDate "2006.05.01"]
[WhiteTeam "Warks Select 2"]
[BlackTeam "Richmond B"]

1. d4 d5 2. c4 e5 3. dxe5 d4 4. Nf3 Nc6 5. Nbd2 Be6 6. a3 Nge7 7. b4 Ng6 8. Qa4
Bd7 9. Qc2 Bg4 10. Bb2 Ngxe5 11. Nxe5 Nxe5 12. Qe4 Bd6 13. c5 f5 14. Qxd4 O-O
15. cxd6 cxd6 16. f4 Re8 17. fxe5 Rxe5 18. Nc4 1-0

[Event "4NCL/Div4/RICB vs. WWKS2"]
[Site "West Bromwich ENG"]
[Date "2006.05.28"]
[Round "10.5"]
[White "Hall, Toby"]
[Black "Malik, Dani"]
[Result "1-0"]
[WhiteElo "1730"]
[BlackElo "1955"]
[PlyCount "81"]
[EventDate "2006.05.28"]
[EventType "team"]
[EventRounds "11"]
[EventCountry "ENG"]
[SourceDate "2006.05.01"]
[WhiteTeam "Richmond B"]
[BlackTeam "Warks Select 2"]

1. d4 d5 2. c4 e6 3. Nc3 Bb4 4. Nf3 Nf6 5. a3 Bxc3+ 6. bxc3 Ne4 7. Qc2 O-O 8.
Bf4 c5 9. e3 Nc6 10. Bd3 Nf6 11. Bg5 h6 12. Bh4 b6 13. Rb1 Na5 14. cxd5 exd5
15. h3 Qd6 16. O-O c4 17. Be2 Ne4 18. Nd2 f5 19. f3 Nxd2 20. Qxd2 Qxa3 21. e4
Nb3 22. Qb2 Qxb2 23. Rxb2 fxe4 24. fxe4 Rxf1+ 25. Kxf1 Be6 26. e5 a5 27. Be7
Kf7 28. Bd6 a4 29. Ba3 Kg6 30. Kf2 Ra7 31. Bd1 Rf7+ 32. Kg1 Kf5 33. Bg4+ Ke4
34. Bxe6 Rf4 35. Bd7 Kd3 36. e6 Kxc3 37. e7 Rxd4 38. e8=Q Rd1+ 39. Kf2 d4 40.
Qe2 Rc1 41. Rxb3+ 1-0

[Event "4NCL/Div4/RICB vs. WWKS2"]
[Site "West Bromwich ENG"]
[Date "2006.05.28"]
[Round "10.6"]
[White "Malik, Kaiser"]
[Black "Graham, Henry"]
[Result "1/2-1/2"]
[WhiteElo "1935"]
[BlackElo "1525"]
[PlyCount "49"]
[EventDate "2006.05.28"]
[EventType "team"]
[EventRounds "11"]
[EventCountry "ENG"]
[SourceDate "2006.05.01"]
[WhiteTeam "Warks Select 2"]
[BlackTeam "Richmond B"]

1. e4 d6 2. d4 g6 3. Nc3 Bg7 4. f4 Nf6 5. Nf3 Nbd7 6. e5 dxe5 7. fxe5 Ng8 8.
Bc4 Nb6 9. Bxf7+ Kxf7 10. e6+ Ke8 11. Ng5 Nh6 12. Be3 Nc4 13. Bf2 Nxb2 14. Qe2
Bxd4 15. Bxd4 Qxd4 16. Nb5 Qc5 17. h4 a6 18. c4 Qb4+ 19. Kf1 axb5 20. Qe5 Qxc4+
21. Kg1 Rf8 22. Qxb2 Qc5+ 23. Kh2 Ng4+ 24. Kh3 Qe3+ 25. g3 1/2-1/2

[Event "4NCL/Div4/HAL vs. CONQ"]
[Site "West Bromwich ENG"]
[Date "2006.05.28"]
[Round "10.1"]
[White "Doran, Michael J"]
[Black "Prizant, Michael"]
[Result "1/2-1/2"]
[WhiteElo "2025"]
[BlackElo "2135"]
[PlyCount "40"]
[EventDate "2006.05.28"]
[EventType "team"]
[EventRounds "11"]
[EventCountry "ENG"]
[SourceDate "2006.05.01"]
[WhiteTeam "Halesowen"]
[BlackTeam "Conquistadors"]

1. e4 c5 2. c3 g6 3. d4 cxd4 4. cxd4 d5 5. e5 Bg7 6. Nc3 Nc6 7. f4 Nh6 8. Nf3
Bg4 9. Be3 Nf5 10. Bf2 Bxf3 11. Qxf3 Nfxd4 12. Bxd4 Nxd4 13. Qd3 Nc6 14. Qxd5
Qb6 15. O-O-O O-O 16. Qe4 Rfd8 17. Bc4 Qc5 18. Rd5 Rxd5 19. Qxd5 Qe3+ 20. Qd2
Qxd2+ 1/2-1/2

[Event "4NCL/Div4/HAL vs. CONQ"]
[Site "West Bromwich ENG"]
[Date "2006.05.28"]
[Round "10.2"]
[White "Foster, James C"]
[Black "Tarr, Steve"]
[Result "1-0"]
[WhiteElo "1950"]
[BlackElo "1940"]
[PlyCount "51"]
[EventDate "2006.05.28"]
[EventType "team"]
[EventRounds "11"]
[EventCountry "ENG"]
[SourceDate "2006.05.01"]
[WhiteTeam "Conquistadors"]
[BlackTeam "Halesowen"]

1. e4 c5 2. d4 cxd4 3. c3 Nf6 4. e5 Nd5 5. Bc4 Nb6 6. Bb3 d5 7. cxd4 Nc6 8. Ne2
Bf5 9. Ng3 Bg6 10. Na3 e6 11. O-O Be7 12. f4 Nxd4 13. Qxd4 Rc8 14. Be3 O-O 15.
Rac1 Qd7 16. Rxc8 Rxc8 17. Rc1 Rxc1+ 18. Bxc1 Qc7 19. Be3 Nc8 20. Nb5 Qa5 21.
Nc3 b5 22. f5 exf5 23. Qxd5 a6 24. Nxf5 Bb4 25. Qd7 Nb6 26. Qe8+ 1-0

[Event "4NCL/Div4/HAL vs. CONQ"]
[Site "West Bromwich ENG"]
[Date "2006.05.28"]
[Round "10.3"]
[White "Peck, Windsor W"]
[Black "Cork, David J"]
[Result "0-1"]
[WhiteElo "1910"]
[BlackElo "1955"]
[PlyCount "70"]
[EventDate "2006.05.28"]
[EventType "team"]
[EventRounds "11"]
[EventCountry "ENG"]
[SourceDate "2006.05.01"]
[WhiteTeam "Halesowen"]
[BlackTeam "Conquistadors"]

1. d4 Nf6 2. Nf3 g6 3. Nc3 Bg7 4. e4 d6 5. Be3 O-O 6. Be2 c6 7. Qd2 Re8 8. Bh6
Bh8 9. h4 Bg4 10. Ng5 Bxe2 11. Qxe2 e5 12. dxe5 Rxe5 13. f4 Rc5 14. h5 Nxh5 15.
Rxh5 Rxc3 16. O-O-O Qb6 17. e5 Qe3+ 18. Qxe3 Rxe3 19. Rxd6 Na6 20. Rh1 Nc7 21.
Rhd1 Nd5 22. c4 f6 23. exf6 Nxf6 24. Rd8+ Re8 25. Rxa8 Rxa8 26. Ne6 b5 27. cxb5
cxb5 28. Rd8+ Rxd8 29. Nxd8 Ng4 30. Bg5 h6 31. Be7 Bd4 32. Bd6 Ne3 33. Nc6 Bb6
34. g3 Nf5 35. g4 Nxd6 0-1

[Event "4NCL/Div4/HAL vs. CONQ"]
[Site "West Bromwich ENG"]
[Date "2006.05.28"]
[Round "10.4"]
[White "Auckland, Elliot"]
[Black "Pitt, Chris W"]
[Result "1/2-1/2"]
[WhiteElo "1670"]
[BlackElo "1870"]
[PlyCount "95"]
[EventDate "2006.05.28"]
[EventType "team"]
[EventRounds "11"]
[EventCountry "ENG"]
[SourceDate "2006.05.01"]
[WhiteTeam "Conquistadors"]
[BlackTeam "Halesowen"]

1. d4 Nf6 2. c4 g6 3. Nc3 Bg7 4. e4 d6 5. Nf3 O-O 6. Be2 e5 7. d5 Nbd7 8. O-O
a5 9. Ne1 Nc5 10. f3 Nh5 11. Nd3 Nxd3 12. Bxd3 Qh4 13. Nb5 Qe7 14. Be3 Nf4 15.
Bxf4 exf4 16. Qd2 Be5 17. Rab1 Kh8 18. Rfc1 c6 19. Nc3 Bd4+ 20. Kh1 Be3 21. Qd1
Bxc1 22. Qxc1 Qe5 23. Ne2 g5 24. Qc2 g4 25. Qd2 gxf3 26. gxf3 Rg8 27. Nxf4 Bd7
28. Be2 c5 29. Nd3 Qg5 30. Qxg5 Rxg5 31. f4 Rg7 32. f5 Rag8 33. Nf4 Rg5 34. Bf3
Rb8 35. Nh5 Be8 36. h4 Rg8 37. Kh2 b6 38. b3 b5 39. Nf6 Rf8 40. Rg1 bxc4 41. h5
h6 42. bxc4 Rb2+ 43. Kh3 Ba4 44. Ng4 Kh7 45. Nf6+ Kh8 46. Ng4 Kh7 47. Nf6+ Kh8
48. Ng4 1/2-1/2

[Event "4NCL/Div4/HAL vs. CONQ"]
[Site "West Bromwich ENG"]
[Date "2006.05.28"]
[Round "10.5"]
[White "Llewelyn, John D"]
[Black "Sathiraju, Vijay"]
[Result "1/2-1/2"]
[WhiteElo "1795"]
[BlackElo "1604"]
[PlyCount "90"]
[EventDate "2006.05.28"]
[EventType "team"]
[EventRounds "11"]
[EventCountry "ENG"]
[SourceDate "2006.05.01"]
[WhiteTeam "Halesowen"]
[BlackTeam "Conquistadors"]

1. e4 e6 2. d4 d5 3. Nd2 Nf6 4. e5 Nfd7 5. Ngf3 c5 6. c4 Nc6 7. cxd5 exd5 8.
Bb5 a6 9. Bxc6 bxc6 10. O-O Be7 11. Re1 O-O 12. Qe2 Qb6 13. dxc5 Nxc5 14. b3
Qb5 15. Qe3 Qd3 16. Ba3 Qxe3 17. Rxe3 Re8 18. Rc1 Nd3 19. Rxd3 Bxa3 20. Rxc6
Rd8 21. Rdc3 Kf8 22. Rc7 h6 23. Nd4 a5 24. Nc6 Re8 25. Nf3 Bg4 26. Ncd4 Bb2 27.
Rd3 Bxd4 28. Rxd4 Bxf3 29. gxf3 Rxe5 30. Rd7 Re1+ 31. Kg2 Re2 32. a4 Rb8 33.
R7xd5 Rxb3 34. Rxa5 Rb6 35. Ra8+ Re8 36. Ra7 Rf6 37. a5 g6 38. a6 Re1 39. Ra8+
Kg7 40. a7 Ra1 41. Rdd8 Rfa6 42. Rd7 R1a4 43. Kg3 h5 44. f4 R4a5 45. Re7 Kf6
1/2-1/2

[Event "4NCL/Div4/HAL vs. CONQ"]
[Site "West Bromwich ENG"]
[Date "2006.05.28"]
[Round "10.6"]
[White "Foster, Caroline"]
[Black "Curry, Don S"]
[Result "0-1"]
[WhiteElo "1530"]
[BlackElo "1755"]
[PlyCount "108"]
[EventDate "2006.05.28"]
[EventType "team"]
[EventRounds "11"]
[EventCountry "ENG"]
[SourceDate "2006.05.01"]
[WhiteTeam "Conquistadors"]
[BlackTeam "Halesowen"]

1. d4 Nf6 2. e3 g6 3. Nf3 Bg7 4. Bd3 O-O 5. Nbd2 d6 6. O-O Nc6 7. c3 Re8 8. Re1
e5 9. e4 Bg4 10. h3 Bd7 11. Nf1 h6 12. Bd2 Kh7 13. Ng3 d5 14. Qc2 exd4 15. cxd4
dxe4 16. Nxe4 Nxe4 17. Bxe4 f5 18. Bd3 Nxd4 19. Nxd4 Bxd4 20. Qc4 Bg7 21. Qf7
Rf8 22. Qe7 Kh8 23. Bb4 Bc6 24. Qxd8 Rfxd8 25. Bc2 Bxb2 26. Rad1 Re8 27. g4
fxg4 28. hxg4 Bf3 29. Rd7 Rxe1+ 30. Bxe1 Bxg4 31. Rxc7 Rc8 32. Rxc8+ Bxc8 33.
Bxg6 Kg7 34. Bc2 Ba3 35. Bc3+ Kf7 36. Bd4 a6 37. Kg2 Be6 38. Bb3 Bxb3 39. axb3
Bb4 40. Kg3 Kg6 41. f4 Kf5 42. Bg7 h5 43. Be5 Bd2 44. Bd6 a5 45. Be5 b5 46. Bd6
a4 47. bxa4 bxa4 48. Kf3 h4 49. Be7 Bxf4 50. Bxh4 a3 51. Bf2 Be5 52. Ke2 a2 53.
Kf1 a1=Q+ 54. Kg2 Kg4 0-1

[Event "4NCL/Div4/PONTY vs. ATH2"]
[Site "West Bromwich ENG"]
[Date "2006.05.28"]
[Round "10.1"]
[White "White, Ian G"]
[Black "Draper, Adam"]
[Result "1/2-1/2"]
[WhiteElo "2029"]
[BlackElo "1845"]
[PlyCount "114"]
[EventDate "2006.05.28"]
[EventType "team"]
[EventRounds "11"]
[EventCountry "ENG"]
[SourceDate "2006.05.01"]
[WhiteTeam "Pontypridd"]
[BlackTeam "Athenaeum 2"]

1. e4 e6 2. d4 d5 3. Nd2 Nf6 4. e5 Nfd7 5. c3 c5 6. f4 Nc6 7. Ndf3 Qb6 8. g3
cxd4 9. cxd4 Bb4+ 10. Kf2 a5 11. Bh3 f5 12. Ne2 Be7 13. g4 g6 14. gxf5 exf5 15.
Nc3 Qd8 16. Nxd5 Nb6 17. Nc3 Be6 18. Bf1 O-O 19. b3 Rc8 20. Bb2 Bh4+ 21. Kg2
Nb4 22. Qd2 N6d5 23. Bc4 Be7 24. Rhd1 Kh8 25. Nxd5 Bxd5 26. Bxd5 Rc2 27. Bc4
Rxd2+ 28. Rxd2 Nd5 29. Bxd5 Qxd5 30. Re2 Rc8 31. Kf2 Kg8 32. Rd1 b5 33. h4 b4
34. Kg3 Rc6 35. Rde1 Qe6 36. Nh2 Qd5 37. e6 Kg7 38. Nf3 Kg8 39. Ng5 Rc8 40. Re5
Qa8 41. R1e2 Rd8 42. Nf7 Rd5 43. R5e3 Qc8 44. Ne5 Kg7 45. Nc4 Qd8 46. Kh3 Qc7
47. Rf3 Kf8 48. Ne3 Rd8 49. d5 Qb7 50. Rd2 Ke8 51. Kg3 Bc5 52. Bf6 Bxe3 53.
Rxe3 Rxd5 54. Rxd5 Qxd5 55. e7 Qd2 56. Kf3 Qd1+ 57. Kg3 Qg1+ 1/2-1/2

[Event "4NCL/Div4/PONTY vs. ATH2"]
[Site "West Bromwich ENG"]
[Date "2006.05.28"]
[Round "10.2"]
[White "Aniecko, Colin"]
[Black "Adams, Mark A"]
[Result "1/2-1/2"]
[WhiteElo "1855"]
[BlackElo "2079"]
[PlyCount "57"]
[EventDate "2006.05.28"]
[EventType "team"]
[EventRounds "11"]
[EventCountry "ENG"]
[SourceDate "2006.05.01"]
[WhiteTeam "Athenaeum 2"]
[BlackTeam "Pontypridd"]

1. e4 c5 2. Nf3 g6 3. d4 cxd4 4. Qxd4 Nf6 5. Nc3 Nc6 6. Qd1 d6 7. Bb5 Bd7 8.
Bg5 Bg7 9. Qd2 a6 10. Bxc6 Bxc6 11. Bxf6 Bxf6 12. O-O-O Rc8 13. h4 O-O 14. Nd4
h5 15. f4 Qa5 16. Kb1 Qc5 17. g3 Rfe8 18. Rhf1 b5 19. Qd3 Bb7 20. f5 b4 21. Na4
Qe5 22. Rf4 Qxd4 23. Qxd4 Bxd4 24. Rxd4 a5 25. Rf2 Rc7 26. Nb6 Rb8 27. Nc4 Rc5
28. fxg6 fxg6 29. Ne3 1/2-1/2

[Event "4NCL/Div4/PONTY vs. ATH2"]
[Site "West Bromwich ENG"]
[Date "2006.05.28"]
[Round "10.3"]
[White "Taylor, Robert G"]
[Black "Hussain, Adrian"]
[Result "0-1"]
[WhiteElo "2002"]
[BlackElo "1735"]
[PlyCount "128"]
[EventDate "2006.05.28"]
[EventType "team"]
[EventRounds "11"]
[EventCountry "ENG"]
[SourceDate "2006.05.01"]
[WhiteTeam "Pontypridd"]
[BlackTeam "Athenaeum 2"]

1. e4 c5 2. Nf3 d6 3. d4 cxd4 4. Nxd4 Nf6 5. Nc3 a6 6. Be3 e6 7. Be2 Be7 8. O-O
O-O 9. f4 b5 10. Bf3 e5 11. Nf5 Nc6 12. Nxe7+ Qxe7 13. f5 h6 14. g4 Nh7 15. Bg2
Rb8 16. Qd2 Bb7 17. Rad1 Rfd8 18. Qf2 f6 19. h4 Qf7 20. Nd5 Ne7 21. Nxe7+ Qxe7
22. Rd2 Rbc8 23. Rfd1 Rc6 24. Qe2 Rdc8 25. c3 Rd8 26. Qd3 Kh8 27. Kf2 Rg8 28.
Rh1 Qf7 29. a3 Rd8 30. g5 fxg5 31. hxg5 d5 32. exd5 Rcd6 33. gxh6 Bxd5 34.
hxg7+ Kg8 35. Bc5 R6d7 36. Qh3 Qxg7 37. Bxd5+ Rxd5 38. Rxd5 Rxd5 39. Be3 Rd3
40. Rg1 Ng5 41. Qh4 Rxe3 42. Kxe3 Qa7+ 43. Ke2 Qxg1 44. Qb4 Qg2+ 45. Kd1 Qf1+
46. Kc2 Qxf5+ 47. Kd1 Qd3+ 48. Kc1 Nf3 49. Qe7 Qe3+ 50. Kb1 Nd2+ 51. Kc2 Nc4
52. Qe6+ Kg7 53. Qg4+ Kf6 54. Qh4+ Qg5 55. Qh8+ Kf5 56. Qc8+ Kf4 57. Kb3 e4 58.
Qf8+ Kg3 59. Qb8+ Ne5 60. Qb6 e3 61. a4 bxa4+ 62. Kxa4 Qf4+ 63. Kb3 e2 64. Qg1+
Kf3 0-1

[Event "4NCL/Div4/PONTY vs. ATH2"]
[Site "West Bromwich ENG"]
[Date "2006.05.28"]
[Round "10.4"]
[White "Parkinson, Adam"]
[Black "Davies, Peter L"]
[Result "0-1"]
[WhiteElo "1650"]
[BlackElo "1929"]
[PlyCount "94"]
[EventDate "2006.05.28"]
[EventType "team"]
[EventRounds "11"]
[EventCountry "ENG"]
[SourceDate "2006.05.01"]
[WhiteTeam "Athenaeum 2"]
[BlackTeam "Pontypridd"]

1. e4 c5 2. b4 cxb4 3. c3 d5 4. e5 bxc3 5. dxc3 Nc6 6. Nf3 e6 7. Ba3 Bxa3 8.
Nxa3 a6 9. Bd3 Qa5 10. Qb3 Qc7 11. O-O Nxe5 12. Nxe5 Qxe5 13. Rfe1 Qc7 14. Re3
Nf6 15. Qb4 Qe7 16. Qb3 O-O 17. Nc2 Qc5 18. Nd4 Ng4 19. Re2 e5 20. Nc2 e4 21.
Bxe4 dxe4 22. Nd4 Nf6 23. Rae1 b5 24. h3 Bb7 25. a4 Bd5 26. Qb4 Qxb4 27. cxb4
bxa4 28. Ra1 Bc4 29. Rc2 Bb5 30. Rc5 Rab8 31. Nf5 g6 32. Nd6 Bd7 33. Ra5 Rb6
34. Rd1 Bb5 35. Nxb5 axb5 36. Rc1 Kg7 37. Rc5 Rfb8 38. Re5 Re8 39. Rexb5 Rxb5
40. Rxb5 Ra8 41. Rc5 a3 42. Rc1 a2 43. Ra1 Nd5 44. b5 Nc3 45. Kf1 Rb8 46. Ke1
Rxb5 47. Kd2 Rb1 0-1

[Event "4NCL/Div4/PONTY vs. ATH2"]
[Site "West Bromwich ENG"]
[Date "2006.05.28"]
[Round "10.5"]
[White "Warden, Peter"]
[Black "Foster, James M"]
[Result "0-1"]
[WhiteElo "1378"]
[BlackElo "1635"]
[PlyCount "76"]
[EventDate "2006.05.28"]
[EventType "team"]
[EventRounds "11"]
[EventCountry "ENG"]
[SourceDate "2006.05.01"]
[WhiteTeam "Pontypridd"]
[BlackTeam "Athenaeum 2"]

1. e4 e6 2. Nf3 d5 3. c3 dxe4 4. Qa4+ Bd7 5. Qxe4 Nc6 6. Bc4 Nf6 7. Qe2 Bd6 8.
h3 h6 9. Bb3 O-O 10. d3 e5 11. Be3 Re8 12. Nbd2 Qe7 13. Nh2 e4 14. O-O-O a5 15.
Bc2 exd3 16. Bxd3 Ne5 17. Bc2 b5 18. f4 Nc4 19. Nxc4 bxc4 20. Nf1 Bxf4 21. Re1
Nd5 22. Qxc4 Nxe3 23. Nxe3 Bxe3+ 24. Kb1 Qc5 25. Qd3 Rad8 26. Qh7+ Kf8 27. Qh8+
Ke7 28. Qxg7 Be6 29. Re2 Rd2 30. Rxd2 Bxd2 31. Rf1 Qc4 32. Qf6+ Kd7 33. Bb3
Qe4+ 34. Bc2 Qxg2 35. Ba4+ c6 36. Rd1 Kc8 37. Bxc6 Qxc6 38. Rxd2 Bxa2+ 0-1

[Event "4NCL/Div4/PONTY vs. ATH2"]
[Site "West Bromwich ENG"]
[Date "2006.05.28"]
[Round "10.6"]
[White "Sant, Maria"]
[Black "Davis, Ashley"]
[Result "0-1"]
[WhiteElo "1435"]
[BlackElo "1450"]
[PlyCount "116"]
[EventDate "2006.05.28"]
[EventType "team"]
[EventRounds "11"]
[EventCountry "ENG"]
[SourceDate "2006.05.01"]
[WhiteTeam "Athenaeum 2"]
[BlackTeam "Pontypridd"]

1. e4 c5 2. Nc3 e6 3. f4 Nc6 4. Nf3 a6 5. Bc4 Nge7 6. O-O d5 7. Be2 dxe4 8.
Nxe4 Nd4 9. Nh4 Nec6 10. Ng5 Nxe2+ 11. Qxe2 Nd4 12. Qh5 g6 13. Qd1 Bg7 14. d3
O-O 15. Qd2 b5 16. c3 Nc6 17. Qe2 b4 18. Be3 bxc3 19. Bxc5 Re8 20. bxc3 Bxc3
21. Rac1 Bd4+ 22. Bxd4 Qxd4+ 23. Qf2 Qxf2+ 24. Rxf2 Nb4 25. Ne4 Rd8 26. Rcf1
Nxd3 27. Rf3 Bb7 28. Re3 Bxe4 29. Rxe4 Nc5 30. Re5 Rd5 31. Re3 Rad8 32. f5 exf5
33. Rfe1 Kf8 34. Nf3 Rd1 35. Ng5 Rxe1+ 36. Rxe1 Kg7 37. Re7 Kf6 38. Nxf7 Kxe7
39. Nxd8 Kxd8 40. Kf2 Kc7 41. Kf3 Ne4 42. Ke3 Kc6 43. Kd4 g5 44. h3 h5 45. Ke5
Nd6 46. Kf6 g4 47. Kg6 gxh3 48. gxh3 f4 49. Kxh5 f3 50. h4 Nf5 51. Kg5 Nxh4 52.
a4 f2 53. Kxh4 f1=Q 54. a5 Qg2 55. Kh5 Kd5 56. Kh6 Ke6 57. Kh5 Kf5 58. Kh4 Qg4#
0-1

[Event "4NCL/Div4/CAV vs. PAP"]
[Site "West Bromwich ENG"]
[Date "2006.05.29"]
[Round "11.1"]
[White "Farrand, Julian T"]
[Black "Summerscale, Aaron"]
[Result "0-1"]
[WhiteElo "2140"]
[BlackElo "2432"]
[PlyCount "56"]
[EventDate "2006.05.29"]
[EventType "team"]
[EventRounds "11"]
[EventCountry "ENG"]
[SourceDate "2006.05.01"]
[WhiteTeam "Cavendish"]
[BlackTeam "Pride+Prejudice"]

1. d4 Nc6 2. Nf3 d5 3. Bf4 Bg4 4. Nbd2 e6 5. e3 Bd6 6. Bxd6 cxd6 7. Be2 Nf6 8.
O-O O-O 9. h3 Bh5 10. c4 dxc4 11. Nxc4 Qe7 12. Rc1 Rac8 13. Nh4 Bxe2 14. Qxe2
Rc7 15. Nf3 Rfc8 16. Rcd1 Nb4 17. b3 d5 18. Na3 Ne4 19. Qb2 Nc3 20. Ra1 a6 21.
Ne1 h6 22. Kh2 Rc6 23. Nb1 Nxb1 24. Rxb1 Rc3 25. a3 Nc2 26. Rc1 Qc7+ 27. Kg1
Nxd4 28. Nd3 Nxb3 0-1

[Event "4NCL/Div4/CAV vs. PAP"]
[Site "West Bromwich ENG"]
[Date "2006.05.29"]
[Round "11.2"]
[White "Hunt, Harriet"]
[Black "Crichton, Martin"]
[Result "1-0"]
[WhiteElo "2352"]
[BlackElo "2035"]
[PlyCount "29"]
[EventDate "2006.05.29"]
[EventType "team"]
[EventRounds "11"]
[EventCountry "ENG"]
[SourceDate "2006.05.01"]
[WhiteTeam "Pride+Prejudice"]
[BlackTeam "Cavendish"]

1. e4 c6 2. d4 d5 3. e5 Bf5 4. Nf3 e6 5. Be2 c5 6. Be3 Nd7 7. O-O Ne7 8. c4
dxc4 9. Na3 cxd4 10. Nxc4 Nc6 11. Nxd4 Ndxe5 12. Nxe5 Nxe5 13. Bb5+ Nd7 14.
Nxf5 exf5 15. Re1 1-0

[Event "4NCL/Div4/CAV vs. PAP"]
[Site "West Bromwich ENG"]
[Date "2006.05.29"]
[Round "11.3"]
[White "Egan, Michael PW"]
[Black "Sheldon, Ruth"]
[Result "1-0"]
[WhiteElo "2080"]
[BlackElo "2256"]
[PlyCount "105"]
[EventDate "2006.05.29"]
[EventType "team"]
[EventRounds "11"]
[EventCountry "ENG"]
[SourceDate "2006.05.01"]
[WhiteTeam "Cavendish"]
[BlackTeam "Pride+Prejudice"]

1. Nf3 Nf6 2. c4 g6 3. Nc3 Bg7 4. e4 d6 5. d4 O-O 6. Be2 e5 7. O-O Na6 8. Be3
Ng4 9. Bg5 Qe8 10. h3 Nf6 11. dxe5 dxe5 12. Be3 c6 13. Nd2 Qe7 14. a3 Nc5 15.
b4 Ne6 16. c5 Rd8 17. Bc4 Nd4 18. Re1 Be6 19. Bf1 a5 20. Rb1 axb4 21. axb4 Ra3
22. Qc1 Raa8 23. Nc4 Bxc4 24. Bxc4 Nh5 25. Ne2 Ne6 26. Rd1 Qf6 27. Bxe6 Qxe6
28. Rxd8+ Rxd8 29. Qc2 f5 30. exf5 gxf5 31. Ng3 Nxg3 32. fxg3 e4 33. b5 Rd3 34.
bxc6 bxc6 35. Rb8+ Kf7 36. Bf4 Qd5 37. Qe2 Kg6 38. g4 Qxc5+ 39. Kh2 h6 40. Rc8
Rc3 41. Qa2 Qd5 42. Qa7 fxg4 43. hxg4 Qf7 44. Qxf7+ Kxf7 45. Rc7+ Kf6 46. Rxg7
Kxg7 47. Be5+ Kg6 48. Bxc3 e3 49. Kg3 e2 50. Bd2 h5 51. gxh5+ Kxh5 52. Kf3 Kh4
53. Be1+ 1-0

[Event "4NCL/Div4/CAV vs. PAP"]
[Site "West Bromwich ENG"]
[Date "2006.05.29"]
[Round "11.4"]
[White "Forbes, Cathy"]
[Black "Chapman, Timothy J"]
[Result "1-0"]
[WhiteElo "2075"]
[BlackElo "1855"]
[PlyCount "55"]
[EventDate "2006.05.29"]
[EventType "team"]
[EventRounds "11"]
[EventCountry "ENG"]
[SourceDate "2006.05.01"]
[WhiteTeam "Pride+Prejudice"]
[BlackTeam "Cavendish"]

1. d4 Nf6 2. Bf4 g6 3. Nc3 d5 4. e3 Bg7 5. h4 c5 6. Nb5 Na6 7. Nf3 Bd7 8. a4
Qa5+ 9. Qd2 Qxd2+ 10. Nxd2 Nh5 11. Be5 f6 12. Bh2 cxd4 13. exd4 f5 14. c3 Nf6
15. Be5 Kf7 16. Nf3 h6 17. Bd3 Ng4 18. Bxg7 Kxg7 19. O-O Bxb5 20. axb5 Nb8 21.
Rfe1 Kf6 22. Ne5 Nxe5 23. Rxe5 e6 24. Rae1 Re8 25. Rxd5 a6 26. Rd6 axb5 27.
Bxb5 Na6 28. Bxe8 1-0

[Event "4NCL/Div4/BRJ vs. OXF2"]
[Site "West Bromwich ENG"]
[Date "2006.05.29"]
[Round "11.1"]
[White "Richmond, Peter A"]
[Black "Rawlinson, Aidan"]
[Result "1/2-1/2"]
[WhiteElo "2240"]
[BlackElo "2160"]
[PlyCount "38"]
[EventDate "2006.05.29"]
[EventType "team"]
[EventRounds "11"]
[EventCountry "ENG"]
[SourceDate "2006.05.01"]
[WhiteTeam "Brown Jack"]
[BlackTeam "Oxford 2"]

1. e4 c5 2. Nf3 Nc6 3. d4 cxd4 4. Nxd4 Nf6 5. Nc3 e5 6. Ndb5 d6 7. Bg5 a6 8.
Na3 b5 9. Nd5 Be7 10. Bxf6 Bxf6 11. c3 Rb8 12. Nc2 Bg5 13. Qf3 Be6 14. Ncb4
Nxb4 15. Nxb4 Qb6 16. h4 Be7 17. Rd1 O-O 18. Nd5 Qb7 19. g3 b4 1/2-1/2

[Event "4NCL/Div4/BRJ vs. OXF2"]
[Site "West Bromwich ENG"]
[Date "2006.05.29"]
[Round "11.2"]
[White "Hackett, David G"]
[Black "Headlong, Timothy"]
[Result "1/2-1/2"]
[WhiteElo "2190"]
[BlackElo "2205"]
[PlyCount "32"]
[EventDate "2006.05.29"]
[EventType "team"]
[EventRounds "11"]
[EventCountry "ENG"]
[SourceDate "2006.05.01"]
[WhiteTeam "Oxford 2"]
[BlackTeam "Brown Jack"]

1. e4 c5 2. Nc3 Nc6 3. g3 g6 4. Bg2 Bg7 5. d3 d6 6. f4 e6 7. Nf3 Nge7 8. O-O
O-O 9. Be3 b6 10. Rb1 d5 11. Bf2 d4 12. Ne2 Bb7 13. g4 f5 14. h3 Qd7 15. Re1
Rae8 16. Bg3 Na5 1/2-1/2

[Event "4NCL/Div4/BRJ vs. OXF2"]
[Site "West Bromwich ENG"]
[Date "2006.05.29"]
[Round "11.3"]
[White "Haydon, Richard"]
[Black "Starkie, Ray"]
[Result "1-0"]
[WhiteElo "2185"]
[BlackElo "2165"]
[PlyCount "59"]
[EventDate "2006.05.29"]
[EventType "team"]
[EventRounds "11"]
[EventCountry "ENG"]
[SourceDate "2006.05.01"]
[WhiteTeam "Brown Jack"]
[BlackTeam "Oxford 2"]

1. Nf3 Nf6 2. c4 g6 3. Nc3 Bg7 4. g3 O-O 5. Bg2 d6 6. O-O e5 7. d4 Nbd7 8. e4
a6 9. Re1 exd4 10. Nxd4 Ng4 11. Qxg4 Bxd4 12. Qd1 Bg7 13. f4 Nb6 14. Qd3 Be6
15. Nd5 Nxc4 16. Qxc4 c6 17. Qb4 cxd5 18. exd5 Bf5 19. Be3 Qf6 20. Rad1 Qxb2
21. Qxd6 Rfd8 22. Qb6 Qxa2 23. d6 Rd7 24. Bxb7 Rad8 25. Bc6 Bh3 26. Rd2 Qe6 27.
Bf2 Rxd6 28. Qxd8+ Rxd8 29. Rxd8+ Bf8 30. Rxe6 1-0